[Event "Liberec op 11th"]
[Site "Liberec"]
[Date "2010.10.26"]
[Round "4"]
[White "Huijzer, Joop"]
[Black "Plischki, Sebastian"]
[Result "0-1"]
[WhiteElo "2088"]
[BlackElo "2358"]
[PlyCount "61"]
[EventDate "2010.10.23"]
[EventType "swiss"]
[EventRounds "9"]
[EventCountry "CZE"]
[SourceTitle "EXT 2011"]
[Source "ChessBase"]
[SourceDate "2010.11.26"]
[SourceVersion "1"]
[SourceVersionDate "2010.11.26"]
[SourceQuality "1"]

1. e4 c5 2. Nc3 d6 3. f4 g6 4. Nf3 Bg7 5. Bb5+ Bd7 6. Bxd7+ Qxd7 7. 0-0 Nc6 8. d3 Nf6 9. Qe1 0-0 10. b3 Rac8 11. Bb2 Nd4 12. Rc1 b5 13. Nxd4 cxd4 14. Ne2 e5 15. c3 dxc3 16. Bxc3 Rfe8 17. Qh4 Rc6 18. Bb2 Rec8 19. Rxc6 Rxc6 20. fxe5 dxe5 21. Bxe5 Qxd3 22. Nd4 Rc1 23. Rxc1 Qe3+ 24. Kf1 Qxc1+ 25. Qe1 Qc5 26. Nf3 Ng4 27. Bf4 Qc2 28. h3 Bc3 29. Bd2 Nh2+ 30. Ke2 Nxf3 31. gxf3 0-1

[Event "Liberec op 11th"]
[Site "Liberec"]
[Date "2010.10.24"]
[Round "2"]
[White "Huijzer, Joop"]
[Black "Sorensen, Bent"]
[Result "0-1"]
[WhiteElo "2088"]
[BlackElo "2271"]
[PlyCount "50"]
[EventDate "2010.10.23"]
[EventType "swiss"]
[EventRounds "9"]
[EventCountry "CZE"]
[SourceTitle "EXT 2011"]
[Source "ChessBase"]
[SourceDate "2010.11.26"]
[SourceVersion "1"]
[SourceVersionDate "2010.11.26"]
[SourceQuality "1"]

1. e4 d5 2. exd5 Qxd5 3. Nc3 Qd6 4. d4 Nf6 5. Nf3 a6 6. g3 Bg4 7. Bg2 Nc6 8. 0-0 0-0-0 9. h3 Bh5 10. Bf4 Qb4 11. g4 Bg6 12. a3 Qxb2 13. Qd2 e6 14. Rfb1 Qxc2 15. Qe1 Nd5 16. Rc1 Qb3 17. Nd2 Qb6 18. Nc4 Qxd4 19. Nxd5 exd5 20. Ne5 Qxf4 21. Nxc6 bxc6 22. Qa5 Bd6 23. Qxa6+ Kd7 24. Qxc6+ Ke7 25. Qxd5 Rhe8 0-1